000 00979nac a22003370a 4500
001 PT35078
003 AR-LpoUNG
005 20210201005338.0
008 201001s1991||||xxu|||||||||||||||||eng d
020 _a0521376823
_c$91
040 _aAR-LpoUNG
_bspa
_eaacr
041 _aeng
044 _axxu
082 0 _a428 516teav2
100 1 _aRichards, Jack C.
245 1 0 _aInterchange :
_benglish for international communication : teacher's manual
250 _a1§ edición
260 _aCambridge :
_bCambridge University,
_c1991.
300 _aviii, 200 p. :
_bil., tbls.
_3Impreso
490 0 _aInterchange : english for international communication : teacher's manual
650 4 _aAPRENDIZAJE
650 4 _aCOMUNICACION
650 4 _aENSEÑANZA DE IDIOMAS
650 4 _aGRAMATICA
650 4 _aLENGUA INGLESA
651 4 _aDOCUMENTOS TEORICOS O METODOLOGICOS
700 1 _aHull, Jonathan
700 1 _aProctor, Susan
905 _a35078
942 _cLIB
999 _c49218
_d49218